00608cam a2200169 a 4500040000800000082002600008100002600034245015600060260004300216300002700259650002200286650001400308650003700322650002500359650003400384700002000418 cDLC00a363 GER 1994 A089 Or.1 aEikenberg, Christian.10aProjects for the understanding and mitigation of natural disasters :bGerman contributions to the International Decade for Natural Disaster Reduction / aBonn :bGerman IDNDR-Committee,c1994. axiii, 307 p. ;c24 cm. 0aNatural disasters 0aDisasters 0aNatural disaster warning systems 0aEmergency management 0aTechnical assistance, German.1 aKron, Wolfgang.